[Event "IECC M email"]
[Site "IECC email"]
[Date "1999.01.13"]
[Round "?"]
[White "Smith, Bryan A"]
[Black "Cook, Alex"]
[Result "1-0"]
[WhiteElo "1512"]
[BlackElo "1517"]
[PlyCount "25"]
[EventDate "1999.??.??"]
[EventType "tourn (corr)"]
[EventRounds "6"]
[SourceTitle "Corr 2008"]
[Source "ChessBase"]
[SourceDate "2008.06.24"]
[SourceVersion "1"]
[SourceVersionDate "2008.06.24"]
[SourceQuality "1"]

1. d4 g6 2. c4 d5 3. cxd5 Qxd5 4. Nc3 Qc4 5. e4 Qc6 6. Bb5 Qxb5 7. Nxb5 Na6 8. Bf4 c6 9. Nc3 Bg7 10. Nge2 Nf6 11. 0-0 0-0 12. e5 Bg4 13. exf6 1-0

[Event "IECC M email"]
[Site "IECC email"]
[Date "1998.11.23"]
[Round "?"]
[White "Cook, Alex"]
[Black "Ventimiglia, Charles"]
[Result "0-1"]
[WhiteElo "1548"]
[BlackElo "1763"]
[PlyCount "40"]
[EventDate "1998.??.??"]
[EventType "tourn (corr)"]
[EventRounds "12"]
[SourceTitle "Corr 2008"]
[Source "ChessBase"]
[SourceDate "2008.06.24"]
[SourceVersion "1"]
[SourceVersionDate "2008.06.24"]
[SourceQuality "1"]

1. d4 d5 2. c4 e6 3. c5 e5 4. Nf3 e4 5. Ne5 f6 6. Qa4+ c6 7. g3 fxe5 8. dxe5 Bxc5 9. Nc3 Nd7 10. Bg5 Qxg5 11. b4 Bd4 12. Qc2 Qxe5 13. 0-0-0 Bxc3 14. e3 Bxb4 15. Rd4 c5 16. f4 exf3 17. Rf4 Qa1+ 18. Qb1 Bd2+ 19. Kc2 Qc3+ 20. Kd1 Bxe3 0-1

[Event "IECC M email"]
[Site "IECC email"]
[Date "1998.10.20"]
[Round "?"]
[White "Cook, Alex"]
[Black "Athens, Jim"]
[Result "0-1"]
[WhiteElo "1602"]
[BlackElo "1679"]
[PlyCount "56"]
[EventDate "1998.??.??"]
[EventType "tourn (corr)"]
[EventRounds "12"]
[SourceTitle "Corr 2008"]
[Source "ChessBase"]
[SourceDate "2008.06.24"]
[SourceVersion "1"]
[SourceVersionDate "2008.06.24"]
[SourceQuality "1"]

1. d4 Nf6 2. c4 c6 3. f4 d5 4. c5 g6 5. Nf3 Bg7 6. e3 Bf5 7. Nc3 Nbd7 8. g3 Ne4 9. Be2 b6 10. 0-0 Bh3 11. Re1 Nxc3 12. bxc3 bxc5 13. Ba3 Bf5 14. Nh4 Be4 15. c4 Qa5 16. Bb2 Rb8 17. Bc1 cxd4 18. Bd2 Qc5 19. Bf3 Qxc4 20. a4 Bc2 21. Qc1 0-0 22. e4 Nc5 23. Qa3 Nb3 24. Ra2 Nxd2 25. Bg4 Rb3 26. Qxe7 Nxe4 27. Rc1 d3 28. Qxa7 Bd4+ 0-1